1455 1902 1382 1267 1329 1628 1180 1455 1999 1517 1015 1566 1434 1402 1550 1360 1104 1029 1302 1986 1915 1370 1759 1130 1522 1237 1868 1513 1599 1482 1136 1152 1103 1726 1479 1036 1325 1488 1231 1842 1266 1291 1883 1435 1719 1629 1759 1094 1964 1267 1533 1838 1711 1943 1945 1696 1863 1344 1791 1226 1696 1364 1636 1316 1279 1043 1888 1670 1207 1541 1397 1362 1224 1005 1485 1525 1086 1635 1347 1323 1536 1439 1247 1021 1722 1606 1800 1378 1674 1039 1615 1339 1453 1423 1926 1427 1112 1885 1976 BCNSPRNW ULIB Ver.6.0+V

เปลี่ยนเป็นภาษาไทย

Change to English
 แสดงรายละเอียดบรรณานุกรม
  กลับหน้าหลัก

Brief Record : Get Marc (ISO 2709) : E-mail record : QR code < ปิดหน้าต่าง
LEADER : 00000nam 2200000uu 4500
001    13399124041
003     ULIB
008    150105s2556||||th 000 0 tha d
020    ^a9786161115333
060  4 ^aWA590^bพ533
245 00 ^aพัฒนาการสำคัญของการสร้างเสริมสุขภาพ :^bรายงานการประชุมระดับโลกเรื่องการสร้างเสริมสุขภาพ = Milestones in health promotion : statements from global conferences /^cสินศักดิ์ชนม์ อุ่นพรมมี, ผู้แปลและเรียบเรียง
246 30 ^aMilestones in health promotion : statements from global conferences
250    ^aพิมพ์ครั้งที่ 1
260    ^aนนทบุรี :^bโครงการสวัสดิการวิชาการ สถาบันพระบรมราชชนก,^c2556
300    ^a62 แผ่น
505 0  ^a^tกฎบัตรออตตาวาเพื่อการสร้างเสริมสุขภาพ - -^tข้อเสนอแนะแอดิเลดเรื่องนโยบายสาธารณะเพื่อสุขภาพ - -^tแถลงการณ์ซุนด์สวอลล์เรื่องสิ่งแวดล้อมที่สนับสนุนสุขภาพ - -^tคำประกาศจาการ์ตา เรื่องการสร้างเสริมสุขภาพในศตวรรษที่ 21 - -^tคำแถลงของรัฐมนตรีเพื่อการสร้างเสริมสุขภาพแห่งเม็กซิโก : จากแนวคิดสู่การดำเนินการ - -^tกฎบัตรกรุงเทพฯ เพื่อการสร้างเสริมสุขภาพในยุคโลกาภิวัฒน์
650  7 ^aการสร้างเสริมสุขภาพ^vการประชุม
650  7 ^aสุขภาพ^vการประชุม
700 0  ^aสินศักดิ์ชนม์ อุ่นพรมมี,^eผู้แปลและเรียบเรียง
710 2  ^aสถาบันพระบรมราชชนก.^bโครงการสวัสดิการวิชาการ
945    ^p100^l0^i037881
945    ^p100^l0^i037882
945    ^p100^l0^i037883
945    ^p100^l0^i037884
945    ^p100^l0^i037885
999    ^aเกษร โพธิ์สุวรรณ
รายการนี้ยังไม่มีแท็ก
คุณยังไม่ได้ล็อกอิน คุณสามารถมีกิจกรรมร่วมกับเว็บไซต์ได้ แต่ต้องล็อกอินก่อน ::
  ล็อกอิน

รายการสื่อสารสนเทศ

ลำดับที่ ประเภท เลขเรียก/บาร์โค้ด สถานที่ สถานะ
1. วิทยาศาสตร์การแพทย์ และสุขภาพ
หนังสือสำรอง
สถานะ=หนังสือสำรอง
WA590 พ533 ฉ.1 
  Barcode: 037881
ห้องสมุดวิทยาเขตสวรรค์ประชารักษ์
►ส่วนจัดเก็บหนังสือเก่า สปร
บนชั้น
  ขอยืม
2. วิทยาศาสตร์การแพทย์ และสุขภาพ
วิทยาศาสตร์การแพทย์ และสุขภาพ
WA590 พ533 ฉ.2 
  Barcode: 037882
ห้องสมุดวิทยาเขตสวรรค์ประชารักษ์
►ส่วนจัดเก็บหนังสือเก่า สปร
บนชั้น
  ขอยืม
3. วิทยาศาสตร์การแพทย์ และสุขภาพ
วิทยาศาสตร์การแพทย์ และสุขภาพ
WA590 พ533 ฉ.3 
  Barcode: 037883
ห้องสมุดวิทยาเขตสวรรค์ประชารักษ์
►ส่วนจัดเก็บหนังสือเก่า สปร
บนชั้น
  ขอยืม
4. วิทยาศาสตร์การแพทย์ และสุขภาพ
วิทยาศาสตร์การแพทย์ และสุขภาพ
WA590 พ533 ฉ.4 
  Barcode: 037884
ห้องสมุดวิทยาเขตสวรรค์ประชารักษ์
►ส่วนจัดเก็บหนังสือเก่า สปร
บนชั้น
  ขอยืม
5. วิทยาศาสตร์การแพทย์ และสุขภาพ
วิทยาศาสตร์การแพทย์ และสุขภาพ
WA590 พ533 ฉ.5 
  Barcode: 037885
ห้องสมุดวิทยาเขตสวรรค์ประชารักษ์
►ส่วนจัดเก็บหนังสือเก่า สปร
บนชั้น
  ขอยืม

BibComment


ยังไม่เคยถูกคอมเมนท์

คอมเมนท์ทรัพยากรรายการนี้
  คอมเมนท์: พัฒนาการสำคัญของ..


 Copyright 2026. Bcnsprnw @Library